logo

Bir Sreshtho Munshi Abdur Rouf Library
Jhenaidah Cadet College

রিল্যাক্স অ্যান্ড হ্যাপি : (Record no. 12636)

MARC details
000 -LEADER
fixed length control field 00978nam a2200241 a 4500
001 - CONTROL NUMBER
JCCL Control Number 12636
003 - CONTROL NUMBER IDENTIFIER
JCCL marc code BD-JhCC
005 - DATE AND TIME OF LATEST TRANSACTION
control field 20230119134025.0
008 - FIXED-LENGTH DATA ELEMENTS--GENERAL INFORMATION
fixed length control field 221024s2021 bg |||| |||| 000 0 ben d
020 ## - INTERNATIONAL STANDARD BOOK NUMBER
International Standard Book Number 9789849512721
035 ## - SYSTEM CONTROL NUMBER
system control number (BD-JhCC)12636
040 ## - CATALOGING SOURCE
Original cataloging agency BD-JhCC
Modifying agency BD-JhCC
041 ## - LANGUAGE CODE
Language code of Book Bangla
082 ## - DEWEY DECIMAL CLASSIFICATION NUMBER
Classification number 158.1
Author mark and Year GAZ 2021
100 ## - MAIN ENTRY--PERSONAL NAME
Personal name আল গাজালি, মুহাম্মাদ
245 ## - TITLE STATEMENT
Title রিল্যাক্স অ্যান্ড হ্যাপি :
Remainder of title দুশ্চিন্তাহীন নতুন জীবনের খোঁজে /
Statement of responsibility, etc মুহাম্মাদ আল গাজালি; সাদিকুর রহমান খান (অনু.)
260 ## - PUBLICATION, DISTRIBUTION, ETC. (IMPRINT)
Place of publication, distribution, etc ঢাকা :
Name of publisher, distributor, etc গার্ডিয়ান,
Date of publication, distribution, etc ২০২১
300 ## - PHYSICAL DESCRIPTION
Pagination ১৯৭ পৃ. :
Dimensions ২২ সেমি.
650 ## - SUBJECT ADDED ENTRY--TOPICAL TERM
Topical term or geographic name as entry element Self motivation
650 ## - SUBJECT ADDED ENTRY--TOPICAL TERM
Topical term or geographic name as entry element Relaxing
700 ## - ADDED ENTRY--PERSONAL NAME
Personal name খান, সাদিকুর রহমান
942 ## - ADDED ENTRY ELEMENTS (KOHA)
Source of classification or shelving scheme Dewey Decimal Classification
Koha item type Books
Koha issues (borrowed), all copies 1
Holdings
Source of classification or shelving scheme Damaged status Not for loan Home library Current library Shelving location Date of accession Cost, normal purchase price Total Checkouts Full call number Barcode Date last seen Date checked out Copy number Koha item type
Dewey Decimal Classification     JCC Rouf Library JCC Rouf Library General Stacks 10/24/2022 184.00 4 158.1 GAZ 2021 17417 04/21/2024 03/03/2024 C-1 Books

JCC Library | Contacts | JCC Home

Last Update on 23 September 2017
Copyright @ 2017-2020 JCC Rouf Library
Rouf Library, Jhenidah Cadet College (JCC), Bangladesh